000
00297nam a2200109Ia 4500
008
220204s9999 xx 000 0 und d
082
_a
547.454
_b
MET.3
245
0
_a
Methods in carbohydrate chemistry. V 3. Cellulose
260
_a
New York
_b
Academic
_c
1963
700
_a
Whistler, Roy L
942
_c
BK
999
_c
25868
_d
25868